000 00507nam a2200181Ia 4500
005 20250326145552.0
008 250326s9999 xx 000 0 und d
037 _aTextbook
040 _aFMSL
_beng
_cFMSL
041 _aeng
_2eng
084 _aX:51:f Q4
_qFMSL
245 0 _aShopper marketing and the role of in store marketing
260 _aLondon
_bLondon, Emerald
_c2014
365 _b8802.7000000000007
650 _aManagement
942 _cTB
_hX:51:f Q4
999 _c1308027
_d1308027